Tilastot visalle Sanat: "2020" - Anna Puu, Olavi Uusivirta

Klikkaa tästä pelataksesi tätä visaa!

Yleistilastot

  • Tätä visaa on pelattu 24 kertaa
  • Keskiarvotulos 132 / 166

Vastaustilastot

% Oikein
kakskyt
95%
kakskyt.
95%
vuonna
95%
ennen
90%
Ennen
90%
että
90%
kuin
90%
on
90%
oo
90%
Oon
90%
sun
90%
ei
85%
Halki
85%
(Halki
85%
hetki
85%
Hetki
85%
katosi.
85%
laulu
85%
linnut
85%
85%
85%
niin
85%
poika
85%
sammui,
85%
taivaan
85%
tulevaisuudesta,
85%
tulin
85%
valot
85%
elämää
80%
etsimään.
80%
kädestä
80%
kaikki
80%
kaikui,
80%
kaikui)
80%
kaukaa
80%
kiinni
80%
lujaa,
80%
luokses
80%
missä
80%
mitään.
80%
palata.
80%
Pidä
80%
se
80%
sieltä
80%
siitä
80%
tuntuu,
80%
Amsterdam
75%
kapselissa,
75%
meren
75%
muuttuu,
75%
nyt
75%
nyt.
75%
olin
75%
ota
75%
pieni
75%
pohjassa.
75%
tiesin
75%
kaiteissa.
70%
meidän
70%
Pariisin
70%
siltojen
70%
tänne
70%
kadotaan
65%
mua
65%
Mut
65%
sua
65%
aamuun,
60%
lempi
60%
lukossa
60%
rakasta
60%
Aavan
50%
sanoja
50%
Älä
45%
pohjaan
45%
seuraan.
45%
kulu,
40%
säästä
40%

Tulosjakauma

Persentiili vastausten määrän mukaan

Jokaisen tuloksen saaneiden osuus

Tuloshistoriasi

Et ole pelannut tätä visaa